00706cam a2200241 i 45000010008000000030006000080050017000140080041000310100017000720200024000890400018001130500019001310820020001501000021001702450060001912600036002513000021002875040041003086500020003496500050003696500012004196500033004313653016GBCCL20241126110445.0760817s1976 ilu b 000 0 eng  a 76040220  a0802449123 :c$4.95 aDLCcDLCdDLC00aBV4501.2b.H3200a241.68220bHAN1 aHancock, Maxine.10aLiving on less and liking it more /cby Maxine Hancock. aChicago :bMoody Press,cc1976. a158 p. ;c22 cm. aIncludes bibliographical references. 0aChristian life. 0aMaterialismxReligious aspectsxChristianity. 0aValues. 0aCost and standard of living.